| 000 -LEADER |
| fixed length control field |
00659nam a2200217Ia 4500 |
| 001 - CONTROL NUMBER |
| control field |
2852 |
| 003 - CONTROL NUMBER IDENTIFIER |
| control field |
GE_BSU |
| 005 - DATE AND TIME OF LATEST TRANSACTION |
| control field |
20221116101908.0 |
| 008 - FIXED-LENGTH DATA ELEMENTS--GENERAL INFORMATION |
| fixed length control field |
181216s2001||||gw |||||||||||||| ||ger|| |
| 020 ## - INTERNATIONAL STANDARD BOOK NUMBER |
| International Standard Book Number |
3826020707 x |
| 040 ## - CATALOGING SOURCE |
| Transcribing agency |
GE_BSU |
| 041 ## - LANGUAGE CODE |
| Language code of text/sound track or separate title |
ger |
| 080 ## - UNIVERSAL DECIMAL CLASSIFICATION NUMBER |
| Universal Decimal Classification number |
001(430)+11(430) A-37 |
| 100 ## - MAIN ENTRY--PERSONAL NAME |
| Personal name |
Alquié, Ferdinand |
| 9 (RLIN) |
2458 |
| 245 ## - TITLE STATEMENT |
| Title |
Wissenschaft und Metaphysik bei Descartes. |
| Remainder of title |
Vorlesung an der Sorbonne im Jahre 1955 / |
| Statement of responsibility, etc. |
Ferdinand Alouie. |
| 264 ## - PRODUCTION, PUBLICATION, DISTRIBUTION, MANUFACTURE, AND COPYRIGHT NOTICE |
| Place of production, publication, distribution, manufacture |
Würzburg : |
| Name of producer, publisher, distributor, manufacturer |
Königshausen und Neumann, |
| Date of production, publication, distribution, manufacture, or copyright notice |
2001. |
| 300 ## - PHYSICAL DESCRIPTION |
| Extent |
157 p. |
| Other physical details |
23 см. |
| 653 ## - INDEX TERM--UNCONTROLLED |
| keyword |
მეტაფიზიკა |
| 653 ## - INDEX TERM--UNCONTROLLED |
| keyword |
ფილოსოფია |
| 942 ## - ADDED ENTRY ELEMENTS (KOHA) |
| Koha item type |
წიგნი |
| Source of classification or shelving scheme |
|